| 000 | 00869nam a22002417a 4500 | ||
|---|---|---|---|
| 999 |
_c7073 _d7073 |
||
| 003 | AR-CdUCM | ||
| 008 | 190319b ||||| |||| 00| 0 spa d | ||
| 020 | _a958-04-2897-2 | ||
| 040 |
_aMUNICIPALIDAD PROVINCIAL DEL CUSCO _cBIBLIOTECA MUNICIPAL DEL CUSCO |
||
| 041 | _heng | ||
| 082 |
_a658 / _bB78 |
||
| 100 |
_aBower, Joseph L. _919917 |
||
| 245 | _aOficio y arte de la gerencia / | ||
| 260 |
_aColombia : _bNorma, _c1995. |
||
| 300 |
_aXVIII, 245 páginas ; _c23 cm. |
||
| 505 | _aContenido: El trabajo del gerente general -- Formulación de estrategia -- Construcción de la organización -- Gestión de la complejidad -- El liderazgo ... | ||
| 650 |
_aLiderazgo _93124 |
||
| 650 |
_aAdministración General _919918 |
||
| 650 |
_aPoder competitivo _919919 |
||
| 700 |
_aCárdenas Nannetti, Jorge (traducción) _919920 |
||
| 942 |
_2ddc _cLIBROS |
||
| 945 | _aachl | ||